000 01454nam2a22002651 4500
001 rc\4155448
005 20250611004843.0
035 _a(NLR Aleph) 007993457
090 _a8594201
_c8594201
100 _a20130415d1952 |||y0rusy50 ca
101 0 _arus
102 _aRU
105 _aa z |||||
200 1 _aНаступательный бой стрелковой дивизии по опыту Восточно-Прусской операции
210 _d1952
_aБ. м.
215 _a260 с., 1 л. табл.
_cчерт.
333 _aДСП. Экз. №№ 2692, 2689
461 0 _1001rc\4155444
_12001#$aСборник тактических примеров из Великой Отечественной войны$eВып. 3-$fГл. воен.-науч. упр. Ген. штаба Советской Армии. Воен.-ист. упр.$vВып. 6
_98594177
_cМосква
_d1950
_fГл. воен.-науч. упр. Ген. штаба Советской Армии. Воен.-ист. упр.
_nВоениздат
_oВып. 3-
_tСборник тактических примеров из Великой Отечественной войны
_vВып. 6
702 1 _4340
_7ca
_8rus
_aПлатонов
_bС. П.
_cвоен. деятель
_f1901-1963
_gСемён Павлович
_9206420
_3RU\NLR\AUTH\770206472
801 0 _aRU
_bNLR
_gpsbo
801 1 _aRU
_bELAR
_2rusmarc
852 _aNLR
_j67-5/1733
942 _cBOOK
980 _aNB